Prehistoric antiquities of the Aryan peoples: (Record no. 23487)
[ view plain ]
| 000 -LEADER | |
|---|---|
| fixed length control field | 01092cam a22002651 4500 |
| 001 - CONTROL NUMBER | |
| control field | 9129167 |
| 003 - CONTROL NUMBER IDENTIFIER | |
| control field | BDDh-ASL |
| 005 - DATE AND TIME OF LATEST TRANSACTION | |
| control field | 20231015030240.0 |
| 008 - FIXED-LENGTH DATA ELEMENTS--GENERAL INFORMATION | |
| fixed length control field | 721006s1890 enk 000 0 eng |
| 010 ## - LIBRARY OF CONGRESS CONTROL NUMBER | |
| LC control number | 01019240 |
| 035 ## - SYSTEM CONTROL NUMBER | |
| System control number | (OCoLC)424170 |
| 040 ## - CATALOGING SOURCE | |
| Original cataloging agency | DLC |
| Transcribing agency | OKentU |
| Modifying agency | OCoLC |
| -- | DLC |
| -- | BDDh-ASL |
| 050 00 - LIBRARY OF CONGRESS CALL NUMBER | |
| Classification number | GN539 |
| Item number | .S37 |
| 082 ## - DEWEY DECIMAL CLASSIFICATION NUMBER | |
| Classification number | 930.1 |
| Item number | SCP |
| 100 1# - MAIN ENTRY--PERSONAL NAME | |
| Personal name | Schrader, Otto, |
| Dates associated with a name | 1855-1919. |
| 245 10 - TITLE STATEMENT | |
| Title | Prehistoric antiquities of the Aryan peoples: |
| Remainder of title | a manual of comparative philology and the earliest culture. Being the "Sprachvergleichung und urgeschichte" / |
| Statement of responsibility, etc. | Dr. O. Schrader. Tr. by Frank Byron Jevons ... From the 2d rev. & enl. German ed. with the sanction and co-operation of the author. |
| 260 ## - PUBLICATION, DISTRIBUTION, ETC. | |
| Place of publication, distribution, etc. | London: |
| -- | Delhi: |
| Name of publisher, distributor, etc. | C. Griffin and company, |
| -- | Oriental Publishers, |
| Date of publication, distribution, etc. | 1890. |
| -- | 1972. |
| 300 ## - PHYSICAL DESCRIPTION | |
| Extent | xv, 486 p. : |
| Dimensions | 23 cm. |
| 650 #0 - SUBJECT ADDED ENTRY--TOPICAL TERM | |
| Topical term or geographic name entry element | Indo-Aryans. |
| 650 #0 - SUBJECT ADDED ENTRY--TOPICAL TERM | |
| Topical term or geographic name entry element | Indo-European languages |
| General subdivision | Etymology. |
| 650 #0 - SUBJECT ADDED ENTRY--TOPICAL TERM | |
| Topical term or geographic name entry element | Indo-European antiquities. |
| 700 1# - ADDED ENTRY--PERSONAL NAME | |
| Personal name | Jevons, F. B. |
| Fuller form of name | (Frank Byron), |
| Dates associated with a name | 1858-1936. |
| 906 ## - LOCAL DATA ELEMENT F, LDF (RLIN) | |
| a | 7 |
| b | cbc |
| c | oclcrpl |
| d | u |
| e | ncip |
| f | 19 |
| g | y-gencatlg |
| 942 ## - ADDED ENTRY ELEMENTS (KOHA) | |
| Source of classification or shelving scheme | Dewey Decimal Classification |
| Koha item type | Books |
| Withdrawn status | Lost status | Source of classification or shelving scheme | Damaged status | Not for loan | Collection code | Home library | Current library | Shelving location | Date acquired | Source of acquisition | Total Checkouts | Full call number | Barcode | Date last seen | Copy number | Price effective from | Koha item type | Public note |
|---|---|---|---|---|---|---|---|---|---|---|---|---|---|---|---|---|---|---|
| Dewey Decimal Classification | Damaged | Not For Loan | Non-fiction | Asiatic Society Library | Asiatic Society Library | General Stacks | 03/26/2021 | ASB Library Collections | 930.1 SCP | 107932 | 03/26/2021 | C-1 | 03/26/2021 | Books | RARE |